Pride and prejudice / (Record no. 10289)

MARC details
000 -LEADER
fixed length control field 00944nam a22002895i 4500
001 - CONTROL NUMBER
control field 22452375
003 - CONTROL NUMBER IDENTIFIER
control field GBCCL
005 - DATE AND TIME OF LATEST TRANSACTION
control field 20241126110729.0
008 - FIXED-LENGTH DATA ELEMENTS--GENERAL INFORMATION
fixed length control field 220304s2022 nyu 000 0 eng
010 ## -
-- 2022933963
020 ## - INTERNATIONAL STANDARD BOOK NUMBER
Canceled/invalid ISBN 8124800197
040 ## - CATALOGING SOURCE
Original cataloging agency DLC
Language of cataloging eng
Description conventions rda
Transcribing agency DLC
042 ## -
-- pcc
082 ## - DEWEY DECIMAL CLASSIFICATION NUMBER
Classification number 823.74
Item number AUS
100 1# - MAIN ENTRY--PERSONAL NAME
Personal name Austen, Jane,
Relator term author.
9 (RLIN) 17882
245 10 - TITLE STATEMENT
Title Pride and prejudice /
Statement of responsibility, etc. Jane Austen
263 ## - PROJECTED PUBLICATION DATE
Projected publication date 2209
264 #1 - PRODUCTION, PUBLICATION, DISTRIBUTION, MANUFACTURE, AND COPYRIGHT NOTICE
Place of production, publication, distribution, manufacture New Delhi :
Name of producer, publisher, distributor, manufacturer Peacock books,
Date of production, publication, distribution, manufacture, or copyright notice 2006.
300 ## - PHYSICAL DESCRIPTION
Extent 332 pages
336 ## - CONTENT TYPE
Content type term text
Content type code txt
Source rdacontent
337 ## - MEDIA TYPE
Media type term unmediated
Media type code n
Source rdamedia
338 ## - CARRIER TYPE
Carrier type term volume
Carrier type code nc
Source rdacarrier
520 ## - SUMMARY, ETC.
Summary, etc. "A deluxe collector's edition of one of Jane Austen's most critically acclaimed works, illustrated with the artwork of renowned fashion illustrator Bil Donovan"--
Assigning source Provided by publisher.
906 ## - LOCAL DATA ELEMENT F, LDF (RLIN)
a 0
b ibc
c orignew
d 2
e epcn
f 20
g y-gencatlg
942 ## - ADDED ENTRY ELEMENTS (KOHA)
Source of classification or shelving scheme Dewey Decimal Classification
Koha item type Books
Holdings
Withdrawn status Lost status Source of classification or shelving scheme Damaged status Not for loan Home library Current Library Shelving location Date acquired Total checkouts Full call number Barcode Date last seen Date last checked out Copy number Price effective from Koha item type
    Dewey Decimal Classification     GRACE BIBLE COLLEGE GRACE BIBLE COLLEGE General Studies 2024-05-23 1 823.74 AUS 020699 2025-08-28 2025-08-21 c.1 2024-05-23 Books
© Grace Bible College Library 2025